Statistics for Counties of Croatia with a Map

Click here to take the quiz!

General Stats

  • This quiz has been taken 188 times
  • The average score is 12 of 21

Answers on the Map

Answers color-coded by a green-red scale on the quiz's map according to % correct below.
Loading ...
 

Answer Stats

County % Correct
Zagreb (County)
96%
Zagreb (City)
96%
Split-Dalmatia
95%
Dubrovnik-Neretva
84%
Zadar
73%
Istria
66%
Osijek-Baranja
62%
Vukovar-Srijem
54%
Šibenik-Knin
52%
Požega-Slavonia
50%
Lika-Senj
49%
Karlovac
48%
Brod-Posavina
47%
Sisak-Moslavina
46%
Primorje-Gorski Kotar
43%
Varaždin
43%
Međimurje
39%
Krapina-Zagorje
38%
Bjelovar-Bilogora
36%
Virovitica-Podravina
34%
Koprivnica-Križevci
32%

Score Distribution

Percentile by Number Answered

Percent of People with Each Score

Your Score History

You have not taken this quiz